000 00634nam a22001937a 4500
999 _c11035
_d11035
003 AR-CdUCM
008 190402b ||||| |||| 00| 0 spa d
040 _aMUNICIPALIDAD PROVINCIAL DEL CUSCO
_cBIBLIOTECA MUNICIPAL DEL CUSCO
082 _aEP / 372.510 /
_bC92
100 _aDe la Cruz, Lucy
_928154
245 _aRazonando 5 :
_bQuinto grado de educación primaria /
260 _aLima :
_bRazonando,
_c1942.
300 _a151 paginas ;
_bIlustraciones, graficos, dibujos,
_c29 cm.
650 _aMatematica
_920026
650 _aCirculos
_928155
650 _aRazonamiento matematico
_928156
942 _2ddc
_cLIBROS
945 _apjha